| 000 | 00438nam a22001457a 4500 | ||
|---|---|---|---|
| 020 | _a158542465x | ||
| 082 |
_a362.733092 _bHAR |
||
| 100 | _aHarrison, Kathy. | ||
| 245 |
_aOne small boat : _bthe story of a little girl, lost then found/ _cKathy Harrison |
||
| 260 |
_aNew York: _bPenguin Books _c2006 |
||
| 300 | _a201 p. | ||
| 563 | _aHBK | ||
| 650 |
_aFoster children _aFoster home care _aFoster mothers _991644 |
||
| 942 |
_2ddc _cBK |
||
| 999 |
_c589775 _d589775 |
||